| 000 | 00481cam a2200193ua 4500 | ||
|---|---|---|---|
| 001 | 11806 | ||
| 008 | 191108n ii |||gr||||Z||||||eng | ||
| 040 | _cMAIN | ||
| 041 | _aeng | ||
| 082 | _a330.95 | ||
| 100 |
_aP.K Dhar . , _eAuthor. |
||
| 245 |
_aIndian Economy : _bits growing dimension / _cBy P.K Dhar . |
||
| 250 | _a16th ed. | ||
| 260 |
_aNew Delhi: _bKalyani Publishers, _c2008. |
||
| 300 | _a1030p. | ||
| 653 | _aEconomics | ||
| 653 | _aIndian Economy | ||
| 942 | _cBK | ||
| 999 |
_c10601 _d10601 |
||